000 00425nam a2200145 a 4500
005 20140412111229.0
008 010404s19uu xx 00 eng d
050 _aTR(GS 371.3
_bC34 1985
100 _aChacon, Rick
245 _aGrocery bag art farm /
_cby Rick Chacon.
260 _aHuntington Beach, CA :
_bTeacher Created Materials, Inc,
_c1985.
300 _a48p. ; ill.
650 _aArt-reproducibles
999 _c102131
_d102131